| 000 -CABECERA |
| fixed length control field |
01265nam a22001937a 4500 |
| 003 - IDENTIFICADOR DEL NÚMERO DE CONTROL |
| control field |
AR-CdUCM |
| 008 - DATOS DE LONGITUD FIJA--INFORMACIÓN GENERAL |
| fixed length control field |
190405b ||||| |||| 00| 0 spa d |
| 040 ## - FUENTE DE LA CATALOGACIÓN |
| Agencia/entidad que catalogó originalmente la obra |
MUNICIPALIDAD PROVINCIAL DEL CUSCO |
| Entidad que transcribió la catalogación |
BIBLIOTECA MUNICIPAL DEL CUSCO |
| 082 ## - NÚMERO DE LA CLASIFICACIÓN DECIMAL DEWEY |
| No. de Clasificación |
129.82 / |
| Notacion interna |
I53 / 1930 |
| 100 ## - ENTRADA PRINCIPAL--NOMBRE DE PERSONA |
| Nombre Personal |
Ingenieros, José |
| 245 ## - MENCIÓN DE TÍTULO |
| Título |
La simulación en la lucha por la vida / |
| 260 ## - PUBLICACIÓN, DISTRIBUCIÓN, ETC. |
| Lugar de publicación, distribución, etc. |
Buenos Aires : |
| Nombre de la editorial, distribuidor, etc. |
Ediciones L. J. Rosso, |
| Fecha de publicación, distribución, etc. |
1930. |
| 300 ## - DESCRIPCIÓN FÍSICA |
| Nº de Páginas Extensión |
298 páginas ; |
| Dimensiones |
18 cm. |
| 505 ## - NOTA DE CONTENIDO CON FORMATO |
| Nota de contenido formateada |
Contenido: t.1. La simulación en la lucha por la vida. Simulación de la locura. La psicopatología en el arte -- t.2. Histeria y sugestión. La locura en la Argentina. Criminología -- t.3. Principios de psicología. Tratado del amor -- t.4-5. La evolución de las ideas argentinas -- t.6. Sociología argentina. La universidad del porvenir. Los tiempos nuevos -- t.7. Las fuerzas morales. El hombre mediocre. Hacia una moral sin dogmas. Proposiciones relativas al porvenir de la filosofía. Emilio Boutroux y la filosofía universitaria en Francia -- t.8. La cultura filosófica en España. Crónicas de viaje. Las doctrinas de Ameghino. |
| 650 ## - PUNTO DE ACCESO ADICIONAL DE MATERIA--TÉRMINO DE MATERIA |
| Descriptor |
Psicología social |
| 9 (RLIN) |
4539 |
| 942 ## - ELEMENTOS DE PUNTO DE ACCESO ADICIONAL (KOHA) |
| Fuente de clasificación |
|
| Tipo de item |
Libros-BMC |
| 945 ## - PROCESAMIENTO DE INFORMACIÓN LOCAL (OCLC) |
| Catalogador |
davv |